El segundo decenio para el desarrollo y la integración económica regional (Registro nro. 17040)

Detalles MARC
000 -LEADER
fixed length control field 00354 a2200109 4500
001 - CONTROL NUMBER
control field ART_7605
005 - DATE AND TIME OF LATEST TRANSACTION
control field 20260410161722.0
008 - FIXED-LENGTH DATA ELEMENTS--GENERAL INFORMATION
fixed length control field 260409a
100 1# - MAIN ENTRY--PERSONAL NAME
Personal name Balassa, Bela
245 10 - TITLE STATEMENT
Title El segundo decenio para el desarrollo y la integración económica regional
773 0# - HOST ITEM ENTRY
Title Revista de la integración
Related parts - Nº 11 (nov. 1972)
Record control number REV1815

No hay ítems disponibles.